000 01154nab a22002537a 4500
999 _c6069
_d6069
003 OSt
005 20260121005832.0
008 190514b xxu||||| |||| 00| 0 spa d
040 _cPJ
100 _96845
_aPereyra, Francisco M.
245 1 0 _aReglas claras durante el proceso de selección de magistrados/as :
_bperspectiva de género e interpretación constitucional /
_cFrancisco M. Pereyra, Lucas Adrián Dughetti.
300 _ap. 146-155
500 _aCita: TR LALEY AR/DOC/978/2024.
505 _aSumario: I. Sumario.— II. Análisis de la sentencia.
505 _tFallo comentado: ST Entre Ríos ~ 04/12/2023 ~ B., C. c. Consejo de la Magistratura de Entre Ríos s/ recurso de revisión judicial directo.
650 0 _9967
_aDERECHO DE FAMILIA
650 0 _91146
_aJUECES
650 0 _92142
_aDESIGNACION DE JUECES
650 0 _94044
_aPERSPECTIVA DE GÉNERO
650 0 _91057
_aJURISPRUDENCIA APLICABLE
700 _94846
_aDughetti, Lucas Adrián
773 0 _02844
_93222
_dBuenos Aires : AbeledoPerrot, 1989-
_tDerecho de familia. Revista Interdisciplinaria de doctrina y jurisprudencia. Junio 2024-III.
_z18511201
942 _2udc
_cANA